El libro de la soja /

Guardado en:
Autor Principal: Satorre, Emilio Horacio.
Formato: Libro
Idioma:Spanish
Publicado: Buenos Aires : Servicios y Marketing Agropecuario, 2003.
Etiquetas: Agregar Etiqueta
Sin Etiquetas, Sea el primero en etiquetar este registro!
LEADER 00480nam a22001455a 4500
001 EEA.libagro007664
005 20180423120230.0
008 130809s2003####ag#a##########000#0#spa#d
020 |a 9872035814 
082 0 4 |a 633.34 
100 1 |a Satorre, Emilio Horacio. 
245 1 3 |a El libro de la soja /  |c Emilio Satorre ... [et al.]. 
260 |a Buenos Aires :  |b Servicios y Marketing Agropecuario,  |c 2003. 
300 |a 261 p. :  |b il. ;  |c 28 cm. 
859 |a AR-BbBCA  |b BIB. AGRONOMIA  |h 633.34  |i S253-1  |p 2006/5053